|
|
|
|
| LEADER |
00000nam a2200000Ia 4500 |
| 008 |
170817b1999 cr ||||| |||| 00| | spa d |
| 999 |
|
|
|c 868
|d 868
|
| 020 |
|
|
|a 9968793205
|
| 090 |
|
|
|a 06.02.01
|b 948
|
| 100 |
1 |
|
|9 169
|a Gurdián Fernández, Alicia
|
| 245 |
1 |
0 |
|a Política social y educación en Costa Rica /
|c Alicia Gurdián Fernández, comp.
|
| 260 |
|
|
|a San José, Costa Rica :
|b UNICEF,
|c 1999
|
| 300 |
|
|
|a 566 páginas
|
| 490 |
|
|
|a Serie de políticas sociales,
|v 4
|
| 520 |
|
|
|a El libro aspira a estimular a la sociedad costarricense a lograr consenso sobre la necesidad impostergable de un profunda discusión nacional que fije un norte a la educación; de su lectura se desprende también la necesidad de formular políticas
|
| 650 |
1 |
4 |
|a EDUCACIÓN
|9 1
|
| 650 |
1 |
4 |
|a POLITICA SOCIAL
|9 2251
|
| 650 |
1 |
4 |
|a REFORMA DE LA EDUCACIÓN
|9 7
|
| 650 |
1 |
4 |
|a CALIDAD DE LA EDUCACIÓN
|9 11
|
| 650 |
1 |
4 |
|a INNOVACIONES PEDAGÓGICAS
|9 666
|
| 651 |
|
4 |
|a COSTA RICA
|9 47
|
| 942 |
|
|
|i 001591 ,001574
|h 06.02.01 948
|2 z
|c 01
|